Sexuality and human rights : a global overview /

Saved in:
Bibliografiske detaljer
Institution som forfatter: International bar association
Andre forfattere: Graupmer, Helmut, Tahmindjis, Phillip
Format: Bog
Sprog:engelsk
Udgivet: Binghampton, NY : Harrington Park Press, 2005
Tags: Tilføj Tag
Ingen Tags, Vær først til at tagge denne postø!

MARC

LEADER 00000nam a22000007i 4500
001 IT\ICCU\MOD\1583219
003 ItRI
005 20251016172503.0
008 110330s2005 xxu|||||| ||||| |||||c
020 |a 1560235551 
040 |b ita 
041 7 |a eng  |2 ISO-639-2 
110 2 |a International bar association  |0 IT\ICCU\MILV\062149 
245 0 0 |a Sexuality and human rights :  |b a global overview /  |c Helmut Graupner, Phillip Tahmindijs, editors. 
260 |a Binghampton, NY :  |b Harrington Park Press,  |c 2005 
300 |a XVIII, 244 :  |b 23 cm 
500 |a Updated versions of papers delivered to the biennial conference of the International Bar Association held in 2000 in Amsterdam 
500 |a Co-published simultaneously as Journal of homosexuality, volume 48, numbers 3/4 2005 
700 1 |a Graupmer, Helmut  |0 IT\ICCU\MODV\645307 
700 1 |a Tahmindjis, Phillip  |0 IT\ICCU\MODV\645308 
952 |0 0  |1 0  |2 ddc  |4 0  |6 B_JHOM  |7 0  |9 8196  |a MI  |b MI  |d 2005-08-18  |i P-5/2005-48.3/4-  |l 0  |o B-JHOM  |p CDOMP-5/2005-48.3/4-  |r 2025-07-17 21:50:00  |w 2025-07-17  |x ACQUISTO  |y BK 
981 1 |6 z01  |a i   |b xxxe  
982 1 |6 z01  |a n 
999 |c 8122  |d 8122